000 01252cam a22003853a 4500
001 25344
003 PGUSA
005 20140828083538.0
008 080505s2008||||xxu|||||s|||||000 1 eng d
040 _aPGUSA
_beng
042 _adc
050 4 _aPS
100 1 _aHawthorne, Nathaniel,
_d1804-1864
245 1 4 _aThe Scarlet Letter
_h[electronic resource] /
_cNathaniel Hawthorne
260 _bProject Gutenberg,
_c2008
506 _aPublic domain in the USA.
516 _aElectronic text
653 _aClergy -- Fiction
653 _aMarried women -- Fiction
653 _aWomen immigrants -- Fiction
653 _aAdultery -- Fiction
653 _aPuritans -- Fiction
653 _aTriangles (Interpersonal relations) -- Fiction
653 _aRevenge -- Fiction
653 _aPsychological fiction
653 _aIllegitimate children -- Fiction
653 _aBoston (Mass.) -- History -- Colonial period, ca. 1600-1775 -- Fiction
653 _aHistorical fiction
700 1 _aAnthony, A. V. S.
_q(Andrew Varick Stout),
_d1835-1906
700 1 _aFoote, Mary Hallock,
_d1847-1938
700 1 _aIpsen, Ludvig Sandöe
830 0 _aProject Gutenberg
_v25344
856 4 0 _uhttp://www.gutenberg.org/ebooks/25344
942 _cEB
999 _c254599
_d254599